|
|
|
|
| LEADER |
00000nab a2200000 a 4500 |
| 001 |
vtls000310881 |
| 003 |
SK-MaSNL |
| 005 |
20260304013308.0 |
| 008 |
230223c1977 xo 0 eng |
| 015 |
|
|
|a SNBRB19rr/mm-uuuuu
|
| 035 |
|
|
|a CL0000973
|
| 035 |
|
|
|a urn:nbn:sk:snk-abbhvu
|
| 035 |
|
|
|a (urnnbn)urn:nbn:sk:snk:ar-006kag
|
| 035 |
|
|
|a (uuid)0d615111-fca5-46e9-8fd1-fba1df4340a0
|
| 040 |
|
|
|a SNKBUCL
|b slo
|c SNKBUCL
|e AACR2
|
| 041 |
0 |
|
|a eng
|
| 044 |
|
|
|a xo
|c SK
|
| 080 |
|
|
|a 517
|2 1981
|
| 100 |
1 |
|
|a Staněk, Svatoslav
|4 aut
|9 979901
|
| 245 |
1 |
0 |
|a On an algebraic structure of a group of phases
|c Svatoslav Staněk
|
| 300 |
|
|
|b Res. rus.
|
| 650 |
0 |
7 |
|a diferenciálne rovnice
|2 SNKPH
|9 63334
|
| 650 |
0 |
7 |
|a grupy (algebra)
|2 SNKPH
|9 78676
|
| 655 |
|
7 |
|a články z novín a časopisov
|2 SNK
|9 267496
|
| 773 |
0 |
|
|t Mathematica slovaca
|g Roč. 27, č. 4 (1977), s. 423-430
|
| 850 |
|
|
|a Slovenská národná knižnica v Martine
|a MTA001
|
| 852 |
|
|
|a SNK
|b KIS3GCP
|
| 958 |
|
|
|a RK
|
| 958 |
|
|
|a OND
|
| 958 |
|
|
|a EUIPO
|
| 958 |
|
|
|a article15
|
| 992 |
|
|
|a RBX
|
| 999 |
|
|
|c 2575207
|d 2577137
|